Statistics for "The Adventures of..." Movie Titles

Click here to take the quiz!

General Stats

  • This quiz has been taken 106 times
  • The average score is 9 of 15

Answer Stats

YearHintThe Adventures of…% Correct
1996Fairytale about a wooden boy{Pinocchio}
94%
1939Conan Doyle’s detective{Sherlock} {Holmes}
86%
1938Errol Flynn vs Sheriff of Nottingham{Robin} {Hood}
79%
1978Comedy about Spanish painter Pablo{Picasso}
76%
1993Elijah Wood plays the friend of the above{Huck} {Finn}
69%
1938US novel, rascal whitewashes a fence{Tom} {Sawyer}
62%
1985Animation about the author of the above two{Mark} {Twain}
61%
2005Robert Rodriguez family film, Taylor Lautner{Sharkboy} and Lavagirl 3-D
61%
2011Spielberg animation based on Herge comics{Tintin}: The Secret of the Unicorn
61%
1981Working title of Raiders of the Lost Ark{Indiana} Smith
59%
1994Two drag queens, a transsexual, a bus{Priscilla}, Queen of the Desert
58%
2000Animated squirrel & moose vs Robert de Niro{Rocky} & {Bullwinkle}
57%
1977Working title of Star Wars{Luke} Starkiller as Taken from the 'Journal of the Whills': Saga I - Star Wars
48%
1988Terry Gilliam, tall tales, Ottoman EmpireBaron {Munchausen}
42%
1984Peter Weller vs Red Lectroids from Planet 10!{Buckaroo} Banzai Across the 8th Dimension
30%

Score Distribution

Percentile by Number Answered

Percent of People with Each Score

Your Score History

You have not taken this quiz